Chelsea Squad 2014-2015 - Statistics

General Stats
  • This quiz has been taken 552 times
  • The average score is 22 of 45
Answer Stats
Hint Answer % Correct
1-Czech Republic Cech
97%
2-Serbia Ivanovic
95%
10-Belgium Hazard
93%
Belgium Hazard
93%
11-Ivory Coast Drogba
87%
4-Spain Fabregas
84%
8-Brazil Oscar
83%
26-England Terry
82%
19-Spain Costa
81%
22-Brazil Willian
80%
24-England Cahill
79%
7-Brazil Ramires
79%
17-Egypt Salah
79%
28-Spain Azpilicueta
75%
12-Nigeria Mikel
75%
21-Serbia Matic
74%
5-France Zouma
72%
3-Brazil Luis
66%
13-Belgium Courtois
63%
14-Germany Schurrle
62%
9-Spain Torres
62%
18-Nigeria Moses
55%
6-Holland Ake
51%
18-France Remy
46%
31-Denmark Christensen
43%
23-Australia Schwarzer
43%
16-Holland Van Ginkel
39%
37-Burkino Faso Traore
36%
33-Czech Republic Kalas
26%
6-Spain Romeu
25%
35-England Solanke
24%
30-Brazil Piazon
20%
Germany Marin
18%
34-England Bertrand
17%
England Chalobah
17%
Ghana Atsu
16%
46-England Blackman
16%
34-England Baker
14%
England Bamford
10%
59-Nigeria Omeruo
9%
20-England McEachran
8%
31-France Kakuta
7%
40-Croatia Delac
6%
Brazil Wallace
6%
49-Engalnd Swift
5%
No matching quizzes found
Score Distribution
Percent of People with Each Score
Percentile by Number Answered
Your Score History
You have not taken this quiz